Begins and Ends: TV Dramas Quiz Stats

 Plays Quiz Updated Jul 14, 2017

Support Sporcle.
Go Orange.
Score 0/20 Timer 04:00
4 Plays Today
Begins and Ends Drama % Correct
B _ _ _ _ _ _ G    B _ DBreaking Bad
93.7%
S _ X    F _ _ T    U _ _ _ RSix Feet Under
92.4%
H _ _ _ E    O F    C _ _ _ SHouse of Cards
88.6%
G _ _ E    O F    T _ _ _ _ _ SGame of Thrones
88%
T _ E    W _ _ T    W _ _ GThe West Wing
84.9%
L _ _ TLost
84.3%
G _ _ _ 'S    A _ _ _ _ _ YGrey's Anatomy
83%
T _ E    W _ _ _ _ _ G    D _ _ DThe Walking Dead
81.6%
M _ _ _ _ R,    S _ E    W _ _ _ EMurder, She Wrote
78.2%
P _ _ _ _ N    B _ _ _ KPrison Break
67%
Begins and Ends Drama % Correct
H _ _ L    S _ _ _ _ T    B _ _ _ SHill Street Blues
64.1%
F _ _ _ OFargo
62.9%
P _ _ _ _ Y    L _ _ _ _ E    L _ _ _ SPretty Little Liars
62.7%
V _ _ _ _ _ _ A    M _ _ SVeronica Mars
60.5%
D _ _ _ _ _ N    A _ _ _ YDownton Abbey
54.4%
D _ _ _ _ RDexter
49%
T _ _ N    P _ _ _ STwin Peaks
48.9%
F _ _ _ _ Y    N _ _ _ T    L _ _ _ _ SFriday Night Lights
46.6%
B _ _ _ S    M _ _ _ LBates Motel
24.6%
B _ _ _ _ _ _ _ K    E _ _ _ _ EBoardwalk Empire
18.7%

You're not logged in!

Compare scores with friends on all Sporcle quizzes.
OR
Log In
Forgot?

From the Vault

Name That Fish

by Exodiafinder687

Just keep swimming through this quiz, you never know what fishy friend will pop up next.
Remove Ads.
Support Sporcle.
Get the best of Sporcle when you Go Orange. This ad-free experience offers more features, more stats, and more fun while also helping to support Sporcle. Thank you for becoming a member.

Show Comments

Extras

Top Quizzes Today


Score Distribution

Your Account Isn't Verified!

In order to create a playlist on Sporcle, you need to verify the email address you used during registration. Go to your Sporcle Settings to finish the process.

Report this User

Report this user for behavior that violates our Community Guidelines.

Details: